Heathrow (Record no. 77150)

MARC details
000 -LEADER
fixed length control field 01378cab a2200217 4500
001 - CONTROL NUMBER
control field ##L133679
008 - FIXED-LENGTH DATA ELEMENTS--GENERAL INFORMATION
fixed length control field 060601n2006 000 0 eng u
035 ## - SYSTEM CONTROL NUMBER
System control number (Sirsi) u133679
041 0# - LANGUAGE CODE
Language code of text/sound track or separate title eng
100 1# - MAIN ENTRY--PERSONAL NAME
Personal name Hall, Tony
245 00 - TITLE STATEMENT
Title Heathrow
Remainder of title a retirement plan
260 ## - PUBLICATION, DISTRIBUTION, ETC.
Date of publication, distribution, etc. 2006
490 #0 - SERIES STATEMENT
Series statement Town and Country Planning Tomorrow Series
Volume/sequential designation Paper 3
-- 75(6) June 2006, 1-8(8)
520 ## - SUMMARY, ETC.
Summary, etc. Argues for a long-term plan for the construction of a new airport off the north Kent coast to replace Heathrow, which would be relegated to a secondary role for domestic flights or even closed altogether. Major problems at Heathrow include limited runway capacity, lack of room for expansion, and its contribution to noise pollution and traffic congestion. The advantages of a new airport would include the ability to build in spare capacity from the outset, efficient lay-out design, and dedicated road and rail links. It would also make a substantial contribution to the economic regeneration of the Thames Gateway in accordance with current planning policies. The authors advocate the eventual development of a new town on the Heathrow site.
590 ## - LOCAL NOTE (RLIN)
Local note IKA060606
650 24 - SUBJECT ADDED ENTRY--TOPICAL TERM
Topical term or geographic name entry element HEATHROW AIRPORT
651 #4 - SUBJECT ADDED ENTRY--GEOGRAPHIC NAME
Geographic name England
Chronological subdivision 886-
690 ## - LOCAL SUBJECT ADDED ENTRY--TOPICAL TERM (OCLC, RLIN)
Topical term or geographic name as entry element PROPERTY-INFRASTRUCTURE-AIR TRANSPORT INFRASTRUCTURE-AIR TRANSPORT FACILITIES
700 1# - ADDED ENTRY--PERSONAL NAME
Personal name Hall, Peter Geoffrey
Titles and other words associated with a name Sir
Dates associated with a name 1932-
942 ## - ADDED ENTRY ELEMENTS (KOHA)
Suppress in OPAC 0
Holdings
Withdrawn status Lost status Source of classification or shelving scheme Damaged status Not for loan Home library Current library Shelving location Date acquired Total Checkouts Full call number Barcode Date last seen Copy number Price effective from Koha item type
    Dewey Decimal Classification     London London Journal article 01/06/2006   L133679 30071853 06/08/2019 1 06/08/2019 Journal article